Visualizzazione normale
Vista MARC
- Lo Vecchio A.
di Personal Name
Records bibliografici associati: 1
001 - CONTROL NUMBER
- control field: 7370
003 - CONTROL NUMBER IDENTIFIER
- control field: IT-RoPau
005 - DATE AND TIME OF LATEST TRANSACTION
- control field: 20140103211039.0
008 - FIXED-LENGTH DATA ELEMENTS
- fixed length control field: 140103|| aca||aabn | a|a d
040 ## - CATALOGING SOURCE
- Original cataloging agency: IT-RoPau
- Transcribing agency: IT-RoPau
100 ## - HEADING--PERSONAL NAME
- Personal name: Lo Vecchio A.
- Dates associated with a name: Codice autore musica SPICS: 18919
- Relator term: Autore musica
- Name of part/section of a work: Donna felicità
670 ## - SOURCE DATA FOUND
- Source citation: Work cat.: (IT-RoPau)99758: AA.VV. 794, Juke box-I grandi successi italiani vol.08 (canzoni mediterranee)